| 000 | 00674nam a2200229 a 4500 | ||
|---|---|---|---|
| 001 | 69274 | ||
| 003 | BD-RjUL | ||
| 005 | 20211209081852.0 | ||
| 008 | 170410s1962 inua 000 0 enge | ||
| 035 | _a(BD-RjUL)69485 | ||
| 040 |
_aDLC _cWSU _dSER _dMYG _dBD-RjUL _beng |
||
| 041 | _aeng | ||
| 082 |
_223 _a576.5 _bMUS 1962 |
||
| 090 |
_aQH431 _b.M958 |
||
| 099 | _aQH431.M958 | ||
| 100 | 1 |
_aMuller, H. J. _q(Hermann Joseph), _d1890-1967. _9205238 |
|
| 245 | 1 | 0 |
_aStudies in genetics : _bthe selected papers of H.J. Muller. |
| 260 |
_aBloomington : _bIndiana University Press, _c1962. |
||
| 300 |
_a618 p. : _bill. ; _c24 cm. |
||
| 650 | 0 |
_aGenetics. _9205239 |
|
| 942 |
_2ddc _cBK |
||
| 999 |
_c69274 _d69274 |
||